Submarine diagenesis in Lower Cretaceous coral-rudist reefs, Mural Limestone, southeastern Arizona /

Bibliographic Details
Main Author: Cross, Scott Lewis, 1960-
Format: Thesis eBook
Language:English
Published: [Place of publication not identified] : [publisher not identified] ; 1987.
Subjects:
Online Access:Link to OAKTrust copy

MARC

Tag First Indicator Second Indicator Subfields
LEADER 00000cam a2200000 a 4500
001 in00000020425
005 20220103115017.0
007 cr unu a
008 880714s1987 xx ab b 00010 eng d
035 |9 AAB3336AM 
035 |a (OCoLC)18211943 
040 |a TXA  |c TXA  |d UtOrBLW 
043 |a n-us-az 
049 |a TXAZ [Also in] [Archives]  |c 1 [A12581823], 2 [A12581873] 
099 |a 1987  |a Thesis  |a C951 
100 1 |a Cross, Scott Lewis,  |d 1960- 
245 1 0 |a Submarine diagenesis in Lower Cretaceous coral-rudist reefs, Mural Limestone, southeastern Arizona /  |c by Scott Lewis Cross. 
264 1 |a [Place of publication not identified] :  |b [publisher not identified] ;  |c 1987. 
300 |a x, 123 leaves :  |b illustrations, maps ;  |c 29 cm. 
336 |a text  |b txt  |2 rdacontent 
337 |a computer  |b c  |2 rdamedia 
338 |a online resource  |b cr  |2 rdacarrier 
500 |a "Major subject: Oceanography." 
500 |a Typescript (photocopy). 
500 |a Vita. 
502 |b M.S.  |c Texas A&M University  |d 1987. 
504 |a Bibliography: leaves 97-102. 
530 |a Also available online. 
650 0 |a Diagenesis  |z Arizona  |z Cochise County. 
650 0 |a Geology, Stratigraphic  |y Cretaceous. 
650 0 |a Geology  |z Arizona  |z Cochise County. 
650 0 |a Reefs  |z Arizona  |z Cochise County. 
650 4 |a Major oceanography. 
856 4 1 |u https://hdl.handle.net/1969.1/ETD-TAMU-1987-THESIS-C951  |z Link to OAKTrust copy  |t 0 
999 |a MARS 
999 f f |s 67947c07-f555-3ec0-8e8d-07801a78f1c0  |i b0e321ba-1039-3491-b81f-237f8417b137  |t 0 
952 f f |p noncirc  |a Texas A&M University  |b J.J. Pickle Campus  |c High Density Repository  |s HDR  |d Remote Storage  |t 0  |e 1987 Thesis C951  |h Other scheme  |i computer -- online resource  |m A14839619223 
952 f f |a Texas A&M University  |b College Station  |c Electronic Resources  |s www_evans  |d Available Online  |t 0  |e 1987 Thesis C951  |h Other scheme 
998 f f |a 1987 Thesis C951  |t 0  |l Available Online 
998 f f |a 1987 Thesis C951  |t 0  |l Remote Storage